| 000 | 00674nam a2200193 i 4500 | ||
|---|---|---|---|
| 001 | 98326 | ||
| 003 | ES-MaACL | ||
| 005 | 20240219222657.0 | ||
| 008 | 050728q1918 sp |||| | spa d | ||
| 100 | 1 |
_aMartí, Carlos ( _dm. 1939) _9170929 |
|
| 245 | 1 | 4 |
_aLos catalanes en América _b: Cuba / _cCarlos Martí ; cartas-prólogo de D. Francisco Cambó y del Dr. Mario García Kohly. |
| 260 |
_aBarcelona : _bMinerva, _c[1918?] |
||
| 300 |
_a299 p. ; _c18 cm. |
||
| 650 | 4 |
_aCatalanes- _zCuba. _9158814 |
|
| 700 | 1 |
_aCambó, Francesc, _d1876-1947 _934032 |
|
| 700 | 1 |
_aGarcía Kohly, Mario, _d1871-1935 _954804 |
|
| 852 |
_aES-MaACL _jF-608 |
||
| 999 |
_c98326 _d98326 |
||